00594 a2200169 450000100060000002000180000604000220002410000210004624000430006724500380011030000080014836200090015665001260016594200070029195201090029899900170040762918 a9788506068625 cAnchieta - Pituba aRozsas, Jeanette10aEdgar Allan Poe, o mago do terrorlpor10aEdgar Allan Poe, o mago do terror a2710 a2012 4aPessoas em literatura, história, biografia, genealogia (incluindo historiadores, escritores e críticos da literatura) cBK 00104070a91.1b91.1d2023-11-21l0o928 R893e ROZ EDGp16190/PITr2023-11-21 18:31:33w2023-11-21yBK c62918d62918